| Tag |
First Indicator |
Second Indicator |
Subfields |
| LEADER |
00000cam a2200000 4500 |
| 001 |
in00004470621 |
| 005 |
20191202143004.0 |
| 008 |
730215s1972 enkabo b 001 0 eng b |
| 010 |
|
|
|a 72305768
|
| 015 |
|
|
|a B72-27285
|
| 020 |
|
|
|a 0715357042
|
| 035 |
|
|
|a (OCoLC)00589858
|
| 035 |
|
|
|9 AAD5901MS
|
| 035 |
|
|
|z (UtOrBLW)10716
|
| 035 |
|
|
|a 19947
|
| 040 |
|
|
|a DLC
|c DLC
|d TMV
|d UtOrBLW
|
| 049 |
|
|
|a TMVM
|c 1
|c 2
|
| 050 |
|
0 |
|a SF797
|b .W47
|
| 060 |
|
4 |
|a SF 797
|b W516r 1972
|
| 100 |
1 |
|
|a West, Geoffrey P.
|q (Geoffrey Philip)
|
| 245 |
1 |
0 |
|a Rabies in animals & man /
|c Geoffrey P. West.
|
| 246 |
3 |
|
|a Rabies in animals and man
|
| 264 |
|
1 |
|a Newton Abbot :
|b David and Charles,
|c 1972.
|
| 300 |
|
|
|a 168 pages :
|b illustrations, photographs, maps ;
|c 23 cm.
|
| 336 |
|
|
|a text
|2 rdacontent
|b txt
|
| 337 |
|
|
|a unmediated
|2 rdamedia
|
| 338 |
|
|
|a volume
|2 rdacarrier
|b nc
|
| 504 |
|
|
|a Includes bibliographical references and index.
|
| 650 |
|
0 |
|a Rabies.
|
| 650 |
|
2 |
|a Rabies.
|
| 999 |
|
|
|a MARS
|
| 999 |
f |
f |
|s 8a19a565-91fa-3a6a-b5ec-5fe22f4aee04
|i 597eeaa5-0a07-3132-bb3f-13a7d06d2e94
|t 0
|
| 952 |
f |
f |
|p preservation
|a Texas A&M University
|b J.J. Pickle Campus
|c High Density Repository
|d Remote Storage
|t 0
|e SF 797 W516r 1972
|h National Library of Medicine classification
|i unmediated -- volume
|m 3238902327499
|
| 998 |
f |
f |
|a SF 797 W516r 1972
|t 0
|l Remote Storage
|